[Event "Barcelona Tres Peons op 22nd"]
[Site "Barcelona"]
[Date "2020.01.08"]
[Round "1"]
[White "Abarca Garcia, Xavier"]
[Black "Fernandez Goyanes, Francesc X"]
[Result "0-1"]
[WhiteElo "1803"]
[BlackElo "2127"]
[PlyCount "101"]
[EventDate "2020.01.08"]
[EventType "swiss"]
[EventRounds "9"]
[EventCountry "ESP"]
[SourceTitle "CBM 195 Extra"]
[Source "ChessBase"]
[SourceDate "2020.05.31"]
[SourceVersion "1"]
[SourceVersionDate "2020.05.31"]
[SourceQuality "1"]

1. Nf3 Nf6 2. c4 g6 3. Nc3 Bg7 4. e4 d6 5. d4 0-0 6. h3 e5 7. d5 Nh5 8. g3 Nd7 9. Be2 a5 10. Be3 b6 11. Nd2 Nhf6 12. g4 Nc5 13. h4 Ne8 14. h5 Bd7 15. hxg6 fxg6 16. Qc2 Rf4 17. f3 a4 18. a3 Rf7 19. 0-0-0 Nf6 20. Kb1 c6 21. Rhe1 cxd5 22. exd5 Qc7 23. Nde4 Ncxe4 24. Nxe4 Nxe4 25. Qxe4 Rb8 26. Rc1 Bf8 27. Ka1 Qd8 28. Rh1 Be7 29. Rh2 Bg5 30. Rch1 Qf6 31. Rh3 Bxe3 32. Qxe3 Qf4 33. Qxf4 exf4 34. Bd3 Rg7 35. Bxg6 Rxg6 36. Rxh7 Rb7 37. Re7 Rg7 38. Re4 b5 39. Rh6 bxc4 40. Rxc4 Rb3 41. Rxf4 Re7 42. Rff6 Be8 43. Re6 Rxe6 44. Rxe6 Kf7 45. f4 Bd7 46. Rxd6 Bxg4 47. Ra6 Bd7 48. f5 Rd3 49. Ra5 Kf6 50. Ka2 Kxf5 51. d6+ 0-1

[Event "Barcelona Tey op-A 1st"]
[Site "Barcelona"]
[Date "2019.11.13"]
[Round "6.9"]
[White "Abarca Garcia, Xavier"]
[Black "Martin Valentin, Francesco"]
[Result "0-1"]
[WhiteElo "1842"]
[BlackElo "1803"]
[PlyCount "62"]
[EventDate "2019.10.09"]
[EventType "swiss"]
[EventRounds "9"]
[EventCountry "ESP"]
[SourceTitle "EXT 2024"]
[Source "ChessBase"]
[SourceDate "2023.10.10"]
[SourceVersion "1"]
[SourceVersionDate "2023.10.10"]
[SourceQuality "1"]

1. Nf3 Nf6 2. c4 c6 3. g3 d5 4. Bg2 Bf5 5. Qb3 Qb6 6. d3 Qxb3 7. axb3 e6 8. 0-0 Bb4 9. Be3 a6 10. h3 0-0 11. Nh4 Bg6 12. Nxg6 hxg6 13. Nc3 Nbd7 14. Rfc1 Rfe8 15. Kf1 Rf8 16. Na4 Nh7 17. Rc2 f5 18. cxd5 exd5 19. Bc5 Bxc5 20. Nxc5 Nxc5 21. Rxc5 f4 22. g4 Ng5 23. Rd1 Rae8 24. Rd2 Ne6 25. Rc3 Nd4 26. b4 Re7 27. Bf3 g5 28. Ra3 Rfe8 29. b3 Nxf3 30. exf3 Re1+ 31. Kg2 Rb1 0-1

[Event "Barcelona Tupinamba op-A 14th"]
[Site "Barcelona"]
[Date "2019.06.05"]
[Round "9.2"]
[White "Munoz Pantoja, Miguel Angel"]
[Black "Abarca Garcia, Xavier"]
[Result "1-0"]
[WhiteElo "2482"]
[BlackElo "1825"]
[PlyCount "57"]
[EventDate "2019.03.27"]
[EventType "swiss"]
[EventRounds "9"]
[EventCountry "ESP"]
[SourceTitle "EXT 2024"]
[Source "ChessBase"]
[SourceDate "2023.10.10"]
[SourceVersion "1"]
[SourceVersionDate "2023.10.10"]
[SourceQuality "1"]

1. e4 e6 2. d4 d5 3. Nd2 c5 4. exd5 Qxd5 5. Ngf3 cxd4 6. Bc4 Qd6 7. 0-0 Nf6 8. Nb3 Nc6 9. Qe2 a6 10. a4 Qc7 11. Bg5 Be7 12. Nbxd4 Nxd4 13. Nxd4 0-0 14. Rfe1 Qc5 15. Nf3 Nd5 16. Bxe7 Nxe7 17. Rad1 Ng6 18. Bd3 Nf4 19. Qe4 Nxd3 20. Qxd3 f6 21. Qb3 Kh8 22. Nd2 b5 23. Ne4 bxa4 24. Qxa4 Qb5 25. Qa3 Kg8 26. Rd3 e5 27. Nd6 Qd7 28. f4 Bb7 29. Qb3+ 1-0

[Event "Barcelona Sant Marti op-B 18th"]
[Site "Barcelona"]
[Date "2016.07.20"]
[Round "8.13"]
[White "Parayre Soguero, Jordi"]
[Black "Abarca Garcia, Xavier"]
[Result "1-0"]
[WhiteElo "1918"]
[BlackElo "1864"]
[PlyCount "65"]
[EventDate "2016.07.13"]
[EventType "swiss"]
[EventRounds "9"]
[EventCountry "ESP"]
[SourceTitle "EXT 2024"]
[Source "ChessBase"]
[SourceDate "2023.10.10"]
[SourceVersion "1"]
[SourceVersionDate "2023.10.10"]
[SourceQuality "1"]

1. d4 e6 2. Nf3 Nf6 3. c4 Bb4+ 4. Bd2 a5 5. a3 Bxd2+ 6. Qxd2 d6 7. Nc3 Nbd7 8. g3 0-0 9. Bg2 Re8 10. 0-0 e5 11. Rac1 exd4 12. Nxd4 a4 13. Rfd1 Nc5 14. Qc2 Qe7 15. Nd5 Nxd5 16. cxd5 Bd7 17. e4 b6 18. f4 Qf6 19. Rd2 Ra5 20. Re1 Bb5 21. e5 dxe5 22. Nxb5 Rxb5 23. d6 Rc8 24. fxe5 Qg6 25. dxc7 Ne6 26. Red1 Qxc2 27. Rxc2 Kf8 28. Rd7 Rc5 29. Rxc5 bxc5 30. Bd5 Nxc7 31. Rxf7+ Ke8 32. Bc4 Rd8 33. Rxc7 1-0

[Event "Barcelona Sant Marti op-B 18th"]
[Site "Barcelona"]
[Date "2016.07.14"]
[Round "2.35"]
[White "Minko, Olga"]
[Black "Abarca Garcia, Xavier"]
[Result "0-1"]
[WhiteElo "1509"]
[BlackElo "1864"]
[PlyCount "68"]
[EventDate "2016.07.13"]
[EventType "swiss"]
[EventRounds "9"]
[EventCountry "ESP"]
[SourceTitle "EXT 2024"]
[Source "ChessBase"]
[SourceDate "2023.10.10"]
[SourceVersion "1"]
[SourceVersionDate "2023.10.10"]
[SourceQuality "1"]

1. e4 c5 2. Nf3 Nc6 3. d4 cxd4 4. Nxd4 g6 5. Nc3 Bg7 6. Be3 Nf6 7. Bc4 Qa5 8. f3 Qb4 9. Bb3 Nxe4 10. Nxc6 Bxc3+ 11. bxc3 Qxc3+ 12. Ke2 dxc6 13. Bd4 e5 14. Re1 Qxd4 15. Qxd4 exd4 16. Kd3 0-0 17. Kxe4 c5 18. Kd5 b6 19. Kc6 Ba6 20. Bd5 Rfd8 21. Re7 Rac8+ 22. Rc7 Rxc7+ 23. Kxc7 Rxd5 24. Kc6 Bc4 25. a4 Kf8 26. Re1 Rd8 27. Kb7 Re8 28. Rxe8+ Kxe8 29. Kxa7 b5 30. axb5 Bxb5 31. Kb6 c4 32. Kxb5 d3 33. Kxc4 dxc2 34. Kd4 c1Q 0-1

[Event "Masdenverge op 4th"]
[Site "Masdenverge"]
[Date "2015.06.28"]
[Round "7"]
[White "Abarca Garcia, Xavier"]
[Black "Palacios Herrero, Pablo"]
[Result "0-1"]
[WhiteElo "1806"]
[BlackElo "2064"]
[PlyCount "72"]
[EventDate "2015.06.26"]
[EventType "swiss"]
[EventRounds "7"]
[EventCountry "ESP"]
[SourceTitle "EXT 2019"]
[Source "ChessBase"]
[SourceDate "2018.10.10"]
[SourceVersion "1"]
[SourceVersionDate "2018.10.10"]
[SourceQuality "1"]

1. d4 f5 2. g3 g6 3. Bg2 Bg7 4. Nf3 Nf6 5. 0-0 0-0 6. c4 d6 7. Nc3 Qe8 8. d5 Na6 9. Qc2 c5 10. Re1 e5 11. dxe6 Qxe6 12. Nb5 Qe7 13. Bf4 Nb4 14. Qb3 Ne4 15. Rad1 Rd8 16. Nd2 a6 17. Nxe4 axb5 18. Bg5 Qf7 19. Nxd6 bxc4 20. Qxc4 Qxc4 21. Nxc4 Rxd1 22. Rxd1 Be6 23. Nb6 Rxa2 24. Rd8+ Kf7 25. Bxb7 Rxb2 26. Na4 Rb1+ 27. Kg2 c4 28. Bc8 Bd5+ 29. Kh3 Bc6 30. Bd7 Rd1 31. Bxc6 Rxd8 32. Bxd8 Nxc6 33. Bg5 c3 34. Bc1 Nb4 35. Kg2 Na2 36. Nxc3 Nxc1 0-1

[Event "Masdenverge op 4th"]
[Site "Masdenverge"]
[Date "2015.06.27"]
[Round "5"]
[White "Romero Pallares, Daniel"]
[Black "Abarca Garcia, Xavier"]
[Result "1/2-1/2"]
[WhiteElo "2070"]
[BlackElo "1806"]
[PlyCount "76"]
[EventDate "2015.06.26"]
[EventType "swiss"]
[EventRounds "7"]
[EventCountry "ESP"]
[SourceTitle "EXT 2019"]
[Source "ChessBase"]
[SourceDate "2018.10.10"]
[SourceVersion "1"]
[SourceVersionDate "2018.10.10"]
[SourceQuality "1"]

1. e4 e6 2. d4 d5 3. exd5 exd5 4. Bd3 c5 5. c3 Nc6 6. Nf3 c4 7. Bc2 Nf6 8. Be3 Bg4 9. Nbd2 Bd6 10. h3 Bh5 11. a4 0-0 12. 0-0 Bg6 13. Bxg6 hxg6 14. b3 cxb3 15. Qxb3 Qd7 16. Rab1 b6 17. Rfc1 Rac8 18. Bg5 Nh5 19. Qb5 Bf4 20. c4 Bxg5 21. cxd5 Nb8 22. Qxd7 Nxd7 23. Nxg5 Nf4 24. Kf1 Nxd5 25. Nge4 N7f6 26. Nd6 Rxc1+ 27. Rxc1 Rd8 28. N2c4 Ne8 29. Nxe8 Rxe8 30. Ne5 Rd8 31. g3 g5 32. Ke2 f6 33. Nf3 Kf7 34. Rc4 Ke6 35. Kd3 Rd7 36. Rc6+ Rd6 37. Rc8 Rd7 38. Rc6+ Rd6 1/2-1/2

[Event "Masdenverge op 4th"]
[Site "Masdenverge"]
[Date "2015.06.26"]
[Round "2"]
[White "Abarca Garcia, Xavier"]
[Black "Colls Gelaberto, Emilio"]
[Result "0-1"]
[WhiteElo "1806"]
[BlackElo "2164"]
[PlyCount "120"]
[EventDate "2015.06.26"]
[EventType "swiss"]
[EventRounds "7"]
[EventCountry "ESP"]
[SourceTitle "EXT 2019"]
[Source "ChessBase"]
[SourceDate "2018.10.10"]
[SourceVersion "1"]
[SourceVersionDate "2018.10.10"]
[SourceQuality "1"]

1. d4 Nf6 2. c4 g6 3. Nc3 Bg7 4. e4 d6 5. h3 0-0 6. Nf3 e5 7. d5 Na6 8. Bg5 Qe8 9. Nd2 Nh5 10. g3 h6 11. Be3 f5 12. f3 Nxg3 13. Rh2 Nc5 14. Be2 Bd7 15. Bf2 Nh5 16. Nb3 b6 17. Qd2 Nf4 18. Bf1 h5 19. 0-0-0 Qe7 20. h4 Kh7 21. Be2 Bh6 22. Be3 fxe4 23. Nxc5 bxc5 24. fxe4 Nxe2+ 25. Nxe2 Bxe3 26. Qxe3 Bg4 27. Rdh1 Bxe2 28. Rxe2 Rf4 29. Rf2 Raf8 30. Rxf4 Rxf4 31. Qe1 Qf6 32. a3 Rf3 33. Kb1 Qf4 34. Ka2 Re3 35. Qa5 Qf7 36. Qxa7 Rxe4 37. Qa4 Kh6 38. Qc2 Qf4 39. Rg1 Qf5 40. Rg5 Qf3 41. a4 Qe2 42. Qxe2 Rxe2 43. a5 Re4 44. Kb3 Rxh4 45. Rg1 Rf4 46. a6 Rf8 47. Ka4 h4 48. Ka5 g5 49. a7 h3 50. Ka6 Kh5 51. Kb7 g4 52. Rf1 Re8 53. Rf7 g3 54. Re7 Rh8 55. Rh7+ Rxh7 56. a8Q h2 57. Qe8+ Kh4 58. Qg8 Rh5 59. Qd8+ Kh3 60. Qd7+ Kg2 0-1

[Event "Barcelona Sant Marti op-A 4th"]
[Site "Barcelona"]
[Date "2015.03.12"]
[Round "9"]
[White "Parayre Soguero, Jordi"]
[Black "Abarca Garcia, Xavier"]
[Result "1-0"]
[WhiteElo "1908"]
[BlackElo "1807"]
[PlyCount "117"]
[EventDate "2015.01.15"]
[EventType "swiss"]
[EventRounds "9"]
[EventCountry "ESP"]
[SourceTitle "EXT 2016"]
[Source "ChessBase"]
[SourceDate "2015.10.08"]
[SourceVersion "1"]
[SourceVersionDate "2015.10.08"]
[SourceQuality "1"]

1. d4 e6 2. Nf3 Nf6 3. c4 Bb4+ 4. Bd2 Qe7 5. g3 0-0 6. Bg2 Bxd2+ 7. Qxd2 d5 8. 0-0 c6 9. Nc3 Nbd7 10. b3 dxc4 11. bxc4 Nb6 12. c5 Nbd5 13. Ne5 Rd8 14. Rab1 Qc7 15. Nc4 b5 16. cxb6 axb6 17. Bxd5 Nxd5 18. Nxd5 cxd5 19. Nxb6 Rb8 20. Nxc8 Rdxc8 21. Rfc1 Rxb1 22. Rxb1 g6 23. e3 Qc2 24. Qxc2 Rxc2 25. Ra1 Kf8 26. a4 Rc6 27. Kg2 Ke7 28. Kf3 h6 29. h4 f5 30. a5 Ra6 31. Ke2 Kd6 32. Kd3 Kc6 33. f3 Kb5 34. Rb1+ Kc6 35. Rc1+ Kb5 36. Rc5+ Kb4 37. Rc8 Rxa5 38. Rg8 Ra3+ 39. Ke2 Ra2+ 40. Kf1 Ra3 41. Rxg6 Rxe3 42. Kf2 Rd3 43. Rxh6 Kc3 44. Rxe6 Rxd4 45. h5 Ra4 46. h6 Ra7 47. g4 fxg4 48. fxg4 d4 49. Rc6+ Kd3 50. g5 Rh7 51. Kf3 Kd2 52. Kf4 d3 53. Kf5 Ke1 54. Rd6 Rf7+ 55. Kg6 Rf3 56. h7 Rh3 57. Kg7 Rg3 58. g6 d2 59. h8Q 1-0

[Event "Barcelona Sant Marti op-A 4th"]
[Site "Barcelona"]
[Date "2015.02.12"]
[Round "5"]
[White "Abarca Garcia, Xavier"]
[Black "Severri Arrese, Carlos"]
[Result "0-1"]
[WhiteElo "1807"]
[BlackElo "1990"]
[PlyCount "68"]
[EventDate "2015.01.15"]
[EventType "swiss"]
[EventRounds "9"]
[EventCountry "ESP"]
[SourceTitle "EXT 2016"]
[Source "ChessBase"]
[SourceDate "2015.10.08"]
[SourceVersion "1"]
[SourceVersionDate "2015.10.08"]
[SourceQuality "1"]

1. d4 d6 2. c4 e5 3. d5 f5 4. e4 Nf6 5. Nc3 f4 6. g3 fxg3 7. hxg3 Be7 8. Be2 0-0 9. Be3 a6 10. g4 Ne8 11. Nh3 c6 12. Qd2 b5 13. dxc6 Be6 14. Ng5 Bxg5 15. Bxg5 Qb6 16. Be3 Qxc6 17. cxb5 Qb7 18. f3 axb5 19. Bxb5 Nc6 20. Qh2 h6 21. Bxc6 Qxc6 22. Rc1 Qb7 23. 0-0 Bxa2 24. Qd2 Bc4 25. Rf2 Rd8 26. Nd5 Bxd5 27. exd5 Nf6 28. g5 hxg5 29. Bxg5 Rc8 30. Rxc8 Qxc8 31. Kg2 Qc4 32. Bxf6 Rxf6 33. Re2 Qh4 34. Re4 Rg6+ 0-1

[Event "Barcelona Sant Marti op-A 4th"]
[Site "Barcelona"]
[Date "2015.01.29"]
[Round "3"]
[White "Abarca Garcia, Xavier"]
[Black "Molano Lafuente, Ismael"]
[Result "1/2-1/2"]
[WhiteElo "1807"]
[BlackElo "1941"]
[PlyCount "32"]
[EventDate "2015.01.15"]
[EventType "swiss"]
[EventRounds "9"]
[EventCountry "ESP"]
[SourceTitle "EXT 2016"]
[Source "ChessBase"]
[SourceDate "2015.10.08"]
[SourceVersion "1"]
[SourceVersionDate "2015.10.08"]
[SourceQuality "1"]

1. d4 Nf6 2. c4 Nc6 3. Nf3 e6 4. a3 d6 5. Nc3 g6 6. e4 Bg7 7. h3 0-0 8. Bg5 h6 9. Be3 e5 10. d5 Ne7 11. Nd2 Nxe4 12. Ndxe4 f5 13. Bd3 fxe4 14. Nxe4 Nf5 15. Qd2 Nxe3 16. fxe3 Bf5 1/2-1/2